15 sports stories/ (Record no. 167763)

MARC details
000 -LEADER
fixed length control field 00681nam a22002057a 4500
005 - DATE AND TIME OF LATEST TRANSACTION
control field 20190918161748.0
010 ## - LCCN (DPL NO)
LC control number B-217343
020 ## - INTERNATIONAL STANDARD BOOK NUMBER
International Standard Book Number 8189750054
035 ## - SYSTEM CONTROL NUMBER
System control number B-217343
037 ## - SOURCE OF ACQUISITION
Source of stock number/acquisition Children's books trust
082 ## - DEWEY DECIMAL CLASSIFICATION NUMBER
Classification number S
Item number FIF
100 ## - MAIN ENTRY--PERSONAL NAME
Personal name Menon,Geeta
245 ## - TITLE STATEMENT
Title 15 sports stories/
Statement of responsibility, etc edited by Geeta Menon; illustrated by Subir Roy
260 ## - PUBLICATION, DISTRIBUTION, ETC. (IMPRINT)
Place of publication, distribution, etc New Delhi
Name of publisher, distributor, etc Children's books trust
Date of publication, distribution, etc 2006
270 ## - ADDRESS
Address Nehru House, 4 Bahadur Shah Zafar Marg, NewDelhi-110002
300 ## - PHYSICAL DESCRIPTION
Extent 96p.
Other physical details ill.
Dimensions 22c.m.(hbk)
700 ## - ADDED ENTRY--PERSONAL NAME
Personal name Menon,Geeta
942 ## - ADDED ENTRY ELEMENTS (KOHA)
Source of classification or shelving scheme Dewey Decimal Classification
Item type English Books
Classification part S
Call number suffix FIF
Holdings
Withdrawn status Lost status Not for loan Collection code Home library Current library Date acquired Cost, normal purchase price Full call number Barcode Cost, replacement price Koha item type
      Non-fiction R.C.Libraries (zls) Sarojini Nagar 18/09/2019 60.00 S FIF B-217343 60.00 English Books

© Delhi Public Library
Hit Counter
free hit counter